Cestovný ruch potrebuje štátnu podporu
Viceprezident Slovenskej asociácie cestovných kancelárií (SACK) Dipl. Ing. Július Cmorej o cieľoch a poslaní tohto dobrovoľného združenia (ochrana záujmov jej členov, podpora ich činnosti a zvyšovanie ich profesionálnej prestíže). Možnosti štátu prilákať zahraničných turistov, podporiť aktívny cesto...
Saved in:
| Main Author: | |
|---|---|
| Format: | Book Chapter |
| Language: | Slovak |
| Subjects: | |
| Tags: |
No Tags, Be the first to tag this record!
|
MARC
| LEADER | 00000naa a2200000 4500 | ||
|---|---|---|---|
| 001 | r017152 | ||
| 005 | 20221213095626.8 | ||
| 041 | 0 | |a slo | |
| 044 | |a SK | ||
| 245 | 1 | 0 | |a Cestovný ruch potrebuje štátnu podporu |c J. Cmorej |
| 520 | |a Viceprezident Slovenskej asociácie cestovných kancelárií (SACK) Dipl. Ing. Július Cmorej o cieľoch a poslaní tohto dobrovoľného združenia (ochrana záujmov jej členov, podpora ich činnosti a zvyšovanie ich profesionálnej prestíže). Možnosti štátu prilákať zahraničných turistov, podporiť aktívny cestovný ruch. | ||
| 610 | 2 | 0 | |a Slovensko |
| 610 | 2 | 0 | |a 1991-1995 |
| 610 | 2 | 0 | |a ruch cestovný aktívny |
| 610 | 2 | 0 | |a ruch cestovný pasívny |
| 610 | 2 | 0 | |a podpora podnikania |
| 610 | 2 | 0 | |a kancelárie cestovné |
| 610 | 2 | 0 | |a Slovenská asociácia cestovných kancelárií |
| 610 | 2 | 0 | |a SACK Bratislava |
| 100 | 1 | |a Cmorej, J. | |